LEADER 01035nas a2200241 i 4500 001 000000170010 003 CaOOAMICUS 005 20080728000000.0 008 080111b2007 it uu s u0 0ita r 013 $a147415 040 $aSeMil$bita 245 10$aMessa di Natale. 260 $a[Roma] :$bSIAE, Espressione Edizioni Musicali,$ccopyr. 2007. 260 $aLeumann (Torino) :$bElledici,$ccopyr. 2007. 500 $aAllegato al N. 4/2007. 700 1 $aMiserachs Grau, Valentino .$0(OLS)http://semarc/name/61033 773 0 $tArmonia di Voci.$dLeumann : Elle Di Ci, 1946-2013.$x0391-5425$w()1921 850 $aSeMil 852 $aSeMil$W1$xVenegono$y1$m100 6 43/4 CD$j120908$B120908$CSeMilBibl$Z2$F135687 $85 961 $aAbbonamento: Centro Editoriale Dehoniano 996 $6245$aMessa di Natale$9(OLS)http://semarc/title/243126 996 $6260$aLeumann (Torino) :$bElledici$9(OLS)http://semarc/publisher/31236 996 $6260$a[Roma] :$bSIAE, Espressione Edizioni Musicali$9(OLS)http://semarc/publisher/44376 LEADER 01234nam a2200217 i 4500 001 000000227562 003 CaOOAMICUS 005 20140724000000.0 008 140724s1748 it u000 u mul u 013 $a206464 026 $an-i- ian- m.** spde (3) 1748 (R) - [*= caratteri greci] 040 $aSeMil$bita 245 10$aTomus 1. 300 $a[8], LXX, CXXVII, [1], XLI, [1], 707, [1] p. 500 $aFront. stampato in rosso e nero. - Segn. : pigreco4 a-2g4 A-4T4 4V2. - Fondo Bidoglio. 773 0 $aIoannes : Damascenus $tTou en agiois patros emon Ioannou tou Damaskenou, monachou, kai presbyterou Ierosolymon, ta euriskomena panta. Sancti patris nostri Joannis Damasceni, monachi, et presbyteri Hierosolymitani opera omnia quae exstant, et ejus nomine circumferuntur. Ex variis editionibus, et codicibus manu exaratis ... Opera & studio p. Michaelis Lequien ... Tomus 1. [-2.].$bEditio novissima veneta longe aliis accuratior.$dVenetiis : Typis Gasparis Ghirardi, 1748.$g1$w()29508 850 $aSeMil 852 $aSeMil$W1$xVenegono$y1$m2U VI 43 FA$j177908$B177908$CSeMilBibl$Z2$F188789 $8I 941 1 $a2 961 $aLascito: Bidoglio don Maurizio 996 $6245$aTomus 1$9(OLS)http://semarc/title/47282